000 00580nam a2200205Ia 4500
005 20250508160936.0
008 008 250505s9999 xx 000 0 eng d
020 _a0-03-089724-6
037 _aTextual
040 _aFEDL
_beng
_cFEDL
041 _aeng
_2eng
084 _a371.92, KOL
_qFEDL
100 _aKolstoe Oliver P
_9769262
245 0 _aTeaching educable mentally retarded children
250 _a2nd
260 _aNew York, USA
_bHolt, Rinehart and Winston
_c1976
300 _ax,308p.
942 _cTEXL
_h371.92, KOL
999 _c1367527
_d1367527